Clash of Clans Characters by Picture - Statistics

General Stats
  • This quiz has been taken 49 times
  • The average score is 28 of 36
Answer Stats
Picture Hint Answer % Correct
Giant
100%
Barbarian
98%
Archer
91%
Baby Dragon
91%
Goblin
91%
Golem
91%
Ice Golem
91%
Wizard
91%
Dragon
88%
Hog Rider
88%
P.E.K.K.A
88%
Valkyrie
88%
Witch
88%
Hero Archer Queen
86%
Bowler
86%
Miner
86%
Balloon
84%
Heros Barbarian King
84%
Healer
84%
Lava Hound
84%
Minion
84%
Electro Dragon
79%
Furnace
74%
Hero Grand Warden
74%
Wall Breaker
74%
Yeti
74%
Hero Minion Prince
72%
Hero Royal Champion
65%
Headhunter
63%
Thrower
58%
Root Rider
56%
Apprentice Warden
51%
Dragon Rider
51%
Electro Titan
47%
Druid
42%
Meteor Golem
35%
No matching quizzes found
Score Distribution
Percent of People with Each Score
Percentile by Number Answered
Your Score History
You have not taken this quiz